• 首页
  • 本馆介绍
  • 公告通知
  • 最新文献
  • 馆藏检索
  • 电子资源
  • 读者导购
  • 参考咨询
  • 我的图书馆
  • 登录
  • 详细信息显示
  • 放入我的书架
  • 预约/预借图书
  • 作者相关作品
  • 分类相关作品
  • 丛书相关作品
  • 出版社相关作品

书目信息

  • 表格格式
  • 工作单格式
  • 卡片格式
题名:
新编大学物理教程知识要点与习题解析
    
 
作者: 赵言诚 , 孙秋华 主编
分册:  
出版信息: 哈尔滨   哈尔滨工程大学出版社  2018
页数: 317页
开本: 28cm
丛书名:
单 册:
中图分类: O4 , O4-42
科图分类:
主题词: 物理学--wu li xue--高等学校--教学参考资料
电子资源:
ISBN: 978-7-5661-1827-1
000 01019nam0 2200289 450
001 012001002785
005 20191121143051.48
010    @a978-7-5661-1827-1@dCNY52.00
099    @aCAL 012018061900
100    @a20180526d2018 em y0chiy50 ea
101 0  @achi
102    @aCN@b230000
105    @aa z 000yy
106    @ar
200 1  @a新编大学物理教程知识要点与习题解析@Axin bian da xue wu li jiao cheng zhi shi yao dian yu xi ti jie xi@f主编赵言诚, 孙秋华
205    @a第2版
210    @a哈尔滨@c哈尔滨工程大学出版社@d2018
215    @a317页@c图@d28cm
330    @a本书共七篇, 内容包括: 力学、震动与波动、光学、静电学、磁学、热学、近代物理。
517 1  @a大学物理教程知识要点与习题解析@Ada xue wu li jiao cheng zhi shi yao dian yu xi ti jie xi
606 0  @a物理学@Awu li xue@x高等学校@j教学参考资料
690    @aO4@v5
690    @aO4-42@v5
701  0 @a赵言诚@Azhao yan cheng@4主编
701  0 @a孙秋华@Asun qiu hua@4主编
801  0 @aCN@b北京卓展@c20191020
905    @b1204402-4@dO4@e1004=2@f3
    
    新编大学物理教程知识要点与习题解析/主编赵言诚, 孙秋华.-第2版.-哈尔滨:哈尔滨工程大学出版社,2018
    317页:图;28cm
    
    
    ISBN 978-7-5661-1827-1:CNY52.00
    本书共七篇, 内容包括: 力学、震动与波动、光学、静电学、磁学、热学、近代物理。
●
相关链接 在E读中查询图书 在五车中查询图书 在当当中查询图书 在豆瓣中查询图书


正题名:新编大学物理教程知识要点与习题解析     索取号:O4/1004=2         预约/预借

序号 登录号 条形码 馆藏地/架位号 状态 备注
1 1204402   212044027   第二样本阅览室/ [索取号:O4/1004=2] 在馆    
2 1204403   212044036   第三借阅区/ [索取号:O4/1004=2] 在馆    
3 1204404   212044045   第三借阅区/ [索取号:O4/1004=2] 在馆    
唐山师范学院图书馆 欢迎您!
大连网信软件有限公司© 版权所有